000 00953 a2200313 4500
000 13471
001 87021
003 gbc
005 20241126110343.0
008 000309s1996 tnuab b 001 0 eng
010 _a 96008957
020 _a0785211594 (set)
035 _a(OCoLC)34875822
040 _aDLC
_cDLC
_dLBB
049 _aLBBK
_v1-5
050 0 0 _aBS511.2
_b.V55 1996
082 0 0 _a220.6
_220
_bVIN
090 _aBS511.2
_b.V55 1996
100 1 _aVine, W. E.
_q(William Edwy),
_d1873-1949.
240 1 0 _aSelections.
_f1996
245 1 0 _aCollected writings of W.E. Vine /
_cwith introduction by F.F. Bruce.
260 _aNashville, TN :
_bT. Nelson,
_cc1996.
300 _a5 v. :
_bill., maps ;
_c25 cm.
500 _aVol. 5 includes New Testament Greek grammar, lessons 1-34.
504 _aIncludes bibliographical references and indexes.
630 0 0 _aBible
_xCriticism, interpretation, etc.
650 0 _aTheology.
942 _2ddc
_cBK
999 _d661
_c661